000
00241nam a2200097Ia 4500
001
815010
005
20250826171648.0
008
250824s9999 xx 000 0 und d
245
0
_a
DOĞAL EBEVEYNLİK
_c
ADEM GÜNEŞ
260
_b
TİMAŞ YAYINLARI
999
_c
815010
_d
815010